Warping Time : How Contending Political Forces Manipulate the Past, Present, and Future.

Bibliographic Details
Main Author: Ginsberg, Benjamin.
Other Authors: Bachner, Jennifer.
Format: eBook
Language:English
Published: Ann Arbor : University of Michigan Press, 2023.
Edition:1st ed.
Subjects:
Online Access:Click to View
LEADER 01873nam a22003733i 4500
001 EBC30412893
003 MiAaPQ
005 20231204023230.0
006 m o d |
007 cr cnu||||||||
008 231204s2023 xx o ||||0 eng d
020 |a 9780472903344  |q (electronic bk.) 
020 |z 9780472056002 
035 |a (MiAaPQ)EBC30412893 
035 |a (Au-PeEL)EBL30412893 
040 |a MiAaPQ  |b eng  |e rda  |e pn  |c MiAaPQ  |d MiAaPQ 
082 0 |a 320.01 
100 1 |a Ginsberg, Benjamin. 
245 1 0 |a Warping Time :  |b How Contending Political Forces Manipulate the Past, Present, and Future. 
250 |a 1st ed. 
264 1 |a Ann Arbor :  |b University of Michigan Press,  |c 2023. 
264 4 |c Ã2023. 
300 |a 1 online resource (159 pages) 
336 |a text  |b txt  |2 rdacontent 
337 |a computer  |b c  |2 rdamedia 
338 |a online resource  |b cr  |2 rdacarrier 
505 0 |a Intro -- Contents -- List of Tables -- List of Figures -- Preface -- Chapter 1. Time and Politics -- Chapter 2. Reshaping the Past to Change the Present -- Chapter 3. Reimagining the Future to Reshape the Present -- Chapter 4. How the Future Affects the Past -- Chapter 5. Conclusion: The Uncertainty of Reality -- Appendix. National Survey on Policy Attitudes -- Notes -- Index. 
588 |a Description based on publisher supplied metadata and other sources. 
590 |a Electronic reproduction. Ann Arbor, Michigan : ProQuest Ebook Central, 2023. Available via World Wide Web. Access may be limited to ProQuest Ebook Central affiliated libraries.  
655 4 |a Electronic books. 
700 1 |a Bachner, Jennifer. 
776 0 8 |i Print version:  |a Ginsberg, Benjamin  |t Warping Time  |d Ann Arbor : University of Michigan Press,c2023  |z 9780472056002 
797 2 |a ProQuest (Firm) 
856 4 0 |u https://ebookcentral.proquest.com/lib/matrademy/detail.action?docID=30412893  |z Click to View